| 000 | 00967nas a2200313 4500 | ||
|---|---|---|---|
| 001 | BR2013006125 | ||
| 003 | BR-BrBNA | ||
| 005 | 20231205122735.0 | ||
| 007 | ta | ||
| 008 | 230509b bl.|||p| |||| 00| 00por d | ||
| 040 |
_aBR-BrBNA _bpor _cBiblioteca Nacional de Agricultura |
||
| 041 | _a(En) | ||
| 072 | _aP33 | ||
| 100 | 1 | _aMoterle, D.F. | |
| 100 | 1 | _aSIlva, L.S. da | |
| 100 | 1 | _aMoro, V.J. | |
| 100 | 1 | _aBayer, C. | |
| 100 | 1 | _aZschornack, T. | |
| 100 | 1 | _aAvila, L.A. de | |
| 100 | 1 | _aBundt, A. da C. | |
| 245 | 1 | _aMethane effux in rice paddy field under different irrigation managements | |
| 650 | _aARROZ IRRIGADO | ||
| 650 | _aQUÍMICA DO SOLO | ||
| 650 | _aIRRIGAÇÃO | ||
| 773 | 0 |
_tRevista Brasileira de Ciência do Solo (Brazil) _xISSN 0100-0683 _g(Mar-Apr 2013), v. 37(2) p. 431-437 _wBR2013006125 |
|
| 856 | 4 | 0 | _uhttp://www.scielo.br/pdf/rbcs/v37n2/a14v37n2.pdf |
| 909 |
_a202311 _bLúcia _c55 _dLúcia Elande |
||
| 942 |
_2AGRIS _n0 _cANA |
||
| 999 |
_c230285 _d230285 |
||